Central Library OPAC University of Rajshahi

Crimes of violence : (Record no. 5112)

MARC details
000 -LEADER
fixed length control field 01196nam a2200301 a 4500
001 - CONTROL NUMBER
control field 5112
003 - CONTROL NUMBER IDENTIFIER
rucl marc code UkOxU
005 - DATE AND TIME OF LATEST TRANSACTION
control field 20211208234018.0
008 - FIXED-LENGTH DATA ELEMENTS--GENERAL INFORMATION
fixed length control field 131224s1963 enk 001 0 eng d
035 ## - SYSTEM CONTROL NUMBER
System control number 5148
040 ## - CATALOGING SOURCE
Original cataloging agency DLC
Transcribing agency TOL
Modifying agency OCL
-- m.c
-- OCL
-- BD-RjU
Language of cataloging eng
041 ## - LANGUAGE CODE
Language code of text/sound track or separate title eng
082 ## - DEWEY DECIMAL CLASSIFICATION NUMBER
Classification number 364.1509421
Author mark and year MCC
100 1# - MAIN ENTRY--PERSONAL NAME
Personal name Mcclintock f.h
9 (RLIN) 16097
110 2# - MAIN ENTRY--CORPORATE NAME
Corporate name or jurisdiction name as entry element University of Cambridge.
Subordinate unit Institute of Criminology.
9 (RLIN) 16108
245 10 - TITLE STATEMENT
Title Crimes of violence :
Remainder of title an enquiry by the Cambridge Institute of Criminology into crimes of violence against the person in London /
Statement of responsibility, etc. by F. H. McClintock, assistant director of research, assisted by N. Howard Avison, N. C. Savill, and V. L. Worthington
260 ## - PUBLICATION, DISTRIBUTION, ETC. (IMPRINT)
Place of publication, distribution, etc. London :
Name of publisher, distributor, etc. Macmillan ;
Place of publication, distribution, etc. New York :
Name of publisher, distributor, etc. St Martin's Press,
Date of publication, distribution, etc. 1963
300 ## - PHYSICAL DESCRIPTION
Pagination x, 287 p. :
Illustrations maps, diagrs., tables ;
Size 23 cm
490 1# - SERIES STATEMENT
Series statement Cambridge studies in criminology ;
Volume/sequential designation 18
504 ## - BIBLIOGRAPHY, ETC. NOTE
Bibliography, etc Includes bibliographical footnotes and index
650 #0 - SUBJECT ADDED ENTRY--TOPICAL TERM
Topical term or geographic name as entry element Crime
Geographic subdivision England
-- London
9 (RLIN) 16099
700 1# - ADDED ENTRY--PERSONAL NAME
Personal name McClintock, Frederick Hemming.
830 #0 - SERIES ADDED ENTRY--UNIFORM TITLE
Volume number/sequential designation 18
830 #0 - SERIES ADDED ENTRY--UNIFORM TITLE
Uniform title Cambridge studies in criminology ;
942 ## - ADDED ENTRY ELEMENTS (KOHA)
Source of classification or shelving scheme Dewey Decimal Classification
Koha item type Books
Holdings
Lost status Source of classification or shelving scheme Damaged status Not for loan Collection code Permanent Location Current Location Shelving location Date acquired Source of acquisition Cost, normal purchase price Total Checkouts Full call number Date last seen Copy number Koha item type
  Dewey Decimal Classification     Non-fiction Central Library, University of Rajshahi Central Library, University of Rajshahi     Sweels & Zeitlinger 55.00   364.1509421 MCC 1963 24/12/2013 C-2 Books
  Dewey Decimal Classification     Non-fiction Central Library, University of Rajshahi Central Library, University of Rajshahi   21/04/1965 Zeitlinger 55.00   364.1509421 MCC V-18 1963 14/08/2016 C-3 Books